00229nam a22000977a 4500020001900000082001000019100001800029245003400047260004100081300000900122 a 9781851687039 a070.4 aSarah Niblock aJournalism a beginner,s guide aEnglandbOneworld publicationsc2011 a160p